000 00841nam a2200241 a 4500
001 BRCA_1391
005 20190320203415.0
008 840611t1981----mx-#---##b---f000-0aspa-#
020 _a9681608844
041 _aspafre
050 4 _aF1359
_b.B67 1981
100 1 _aBrasseur, Charles
_d1814-1874
_94550
245 1 0 _aViaje por el istmo de Tehuantepec
_cCharles Brasseur ; prólogo de Elisa Ramírez Castañeda ; traducción Luis Roberto Vera.
260 _aMéxico
_bFCE
_c1981
300 _a200 p.
_c17 cm.
440 0 _aSEP/80
_v14
_94551
500 _aTraducción de : Voyage sur l´isthme de Tehuantepec
504 _aIncluye referencias bibliográficas
651 4 _aIstmo de Tehuantepec (México)
_xDescripción y viajes
_94552
700 1 _aRamírez Castañeda, Elisa
_94553
700 1 _aRoberto Vera, Luis
_94554
942 _2lcc
_cB
999 _c1253
_d1253